Statistiques concernant Frontières de la Turquie

Cliquez ici pour prendre le quiz!

Statistiques générales

  • Ce quiz a été pris 190 fois
  • Le résultat moyen est 7 sur 8

Statistiques - réponses

KilomètresPays% Correct
822Syrie
96%
268Arménie
95%
206Grèce
93%
331Irak
93%
499Iran
93%
252Géorgie
86%
240Bulgarie
85%
9Azerbaïdjan
74%

Distribution des résultats

Percentile par nombre de réponses

% des personnes avec chaque résultat

Votre développement - résultats

Vous n’avez pas pris ce quiz